Notice of purchases.

Bibliographic Details
Corporate Author: United States. Navy Department. Bureau of Supplies and Accounts
Format: Government Document eBook
Language:English
Published: [Washington] : [publisher not identified], 1907.
Subjects:
Online Access:Connect to the full text of this electronic document

MARC

Tag First Indicator Second Indicator Subfields
LEADER 00000cam a22000001a 4500
001 in00003658430
005 20190408172744.0
006 m o d f
007 cr bn mmmapmmp
008 141210s1907 dcu o f000 0 eng d
035 |a ebd1909505142 
040 |a UMI  |c UMI  |d UtOrBLW 
086 0 |a N 20.9:[3] 
099 |a N2009-3 
110 1 |a United States.  |b Navy Department.  |b Bureau of Supplies and Accounts.  |0 http://id.loc.gov/authorities/names/n81056732 
245 1 0 |a Notice of purchases. 
264 1 |a [Washington] :  |b [publisher not identified],  |c 1907. 
300 |a 1 online resource (1 pages) 
336 |a text  |b txt  |2 rdacontent 
337 |a computer  |b c  |2 rdamedia 
338 |a online resource  |b cr  |2 rdacarrier 
533 |a Electronic reproduction.  |b [Bethesda, Md.] :  |c ProQuest,  |d 2014.  |e digital, PDF file.  |n ProQuest U.S. Executive Branch Documents  |n Mode of access: World Wide Web via ProQuest website. 
588 |a Record is based on online resource; title from PDF title page (ProQuest, last viewed Dec. 2014). Reuse except for individual research requires license from ProQuest, LLC. 
500 |a Electronic resource. 
650 0 |a Building materials.  |0 http://id.loc.gov/authorities/subjects/sh85017740 
650 0 |a Chemicals.  |0 http://id.loc.gov/authorities/subjects/sh85022963 
650 0 |a Metals.  |0 http://id.loc.gov/authorities/subjects/sh85084167 
650 0 |a Textile fabrics.  |0 http://id.loc.gov/authorities/subjects/sh85134321 
655 7 |a Electronic books.  |2 local 
856 4 0 |u http://proxy.library.tamu.edu/login?url=http://congressional.proquest.com/congressional/docview/t66.d71.n2009-3  |z Connect to the full text of this electronic document  |t 0 
999 f f |s 2d2f0e31-495d-3eae-9f4a-70d8163c8c2e  |i 9a1368af-6501-3a2e-a272-3fde4718ca9c  |t 0 
952 f f |a Texas A&M University  |b College Station  |c Electronic Resources  |d Available Online  |t 0  |h No information provided 
998 f f |t 0  |l Available Online